000 00642nam a2200229Ia 4500
003 OSt
005 20220928130206.0
006 a|||||r|||| 00| 0
007 ta
008 220927b |||||||| |||| 00| 0 eng d
024 _a28940
037 _cReference Collections
040 _aSDCL
_cSDCL
_beng
041 _2eng
_aeng
082 _aP-k, L3 RR
100 _aCollins F Howard
_9473080
245 0 _aAuthors and printers dictionary.
260 _aLondon
_bOxford University Press
_c1973
300 _axx,474p
_ccm.
942 _hP-k, L3 RR
_cREF
_2CC
999 _c785612
_d785612